Teología fundamental: la revelación y la fe en Heinrich Fries

Gespeichert in:
Bibliographische Detailangaben
1. Verfasser: Jiménez Ortiz, Antonio (VerfasserIn)
Format: Buch
Sprache:Spanisch
Veröffentlicht: Salamanca Universidad Pontificia Salamanca 1988
Schriftenreihe:Bibliotheca Salmanticensis. Estudios, 106
Schlagworte:
Tags: Tag hinzufügen
Keine Tags, Fügen Sie den ersten Tag hinzu!

MARC

LEADER 00000nam a2200000 a 4500
001 UCX2823
003 CL-VaPUC
008 910820e19880000SP |||||||||||||||||spa|d
020 |a 8472992136 
082 0 4 |a 239  |b JIM  |2 21 
100 |a Jiménez Ortiz, Antonio  |e author  |9 318917 
245 1 0 |a Teología fundamental: la revelación y la fe en Heinrich Fries 
300 |a 517 p 
942 |c BK 
945 |d 19910820 00:00:00 
260 |a Salamanca  |b Universidad Pontificia Salamanca  |c 1988 
650 0 |a Apologética  |9 269349 
583 |a last modification  |c 19910820 00:00:00  |k Rodrigo Vera 
490 0 |a Bibliotheca Salmanticensis. Estudios, 106 
999 |c 223760  |d 223758 
952 |0 0  |1 0  |4 0  |6 239_000000000000000_JIM_1988  |7 0  |8 A  |9 219854  |a BIBTEO  |b BIBTEO  |d 2019-11-15  |i 2885379  |l 1  |o 239 JIM 1988  |p 2885379  |r 2025-01-17  |s 2024-05-20  |w 2019-11-15  |y BK  |k ICR 
952 |0 0  |1 0  |4 0  |6 239_000000000000000_JIM_1988  |7 0  |8 A  |9 219855  |a BIBTEO  |b BIBTEO  |d 2019-11-15  |i 2885387  |o 239 JIM 1988  |p 2885387  |r 2025-01-17  |w 2019-11-15  |y BK  |k ICR 
952 |0 0  |1 0  |4 0  |6 239_000000000000000_JIM_1988  |7 0  |8 A  |9 219856  |a BIBTEO  |b BIBTEO  |d 2019-11-15  |i 2885395  |o 239 JIM 1988  |p 2885395  |r 2025-01-17  |w 2019-11-15  |y BK  |k ICR 
952 |0 0  |1 0  |4 0  |6 239_000000000000000_JIM_1988  |7 0  |8 A  |9 219857  |a BIBTEO  |b BIBTEO  |d 2019-11-15  |i 4063732  |o 239 JIM 1988  |p 4063732  |r 2025-01-17  |w 2019-11-15  |y BK  |k ICR